00804nam a22002057a 4500003000900000008004100009020001800050040007100068082001800139100003100157245004800188260009400236300002600330505012000356650001700476650001300493650002300506650002000529710004900549AR-CdUCM190305b ||||| |||| 00| 0 spa d a84-7232-413-3 aMUNICIPALIDAD PROVINCIAL DEL CUSCOcBIBLIOTECA MUNICIPAL DEL CUSCO a972.81 /bG25 aGarcia Añoveros, Jesús aLa reforma agraria de Arbenz en Guatemala / aMadrid :bEdiciones cultura hispánica instituto de cooperación Iberoamericana,c1987. a422 paginas ;c23 cm. aÉpoca prehistórica -- Época colonial -- Época conservadora -- Época liberal -- Época revolucionaria ... aPrehistorica aColonial aEstructura agraria aClases sociales aV centenario del descubrimiento de América